<?xml version="1.0" encoding="UTF-8"?>
<resp>
  <nextPage>https://data.bn.org.pl/api/networks/bibs.marcxml?marc=001+b1000002720850+&amp;sinceId=1000002720851</nextPage>
  <collection>
    <record xmlns='http://www.loc.gov/MARC21/slim'><leader>01645nam a2200505 i 4500</leader><controlfield tag='001'>b1000002720850</controlfield><controlfield tag='005'>20241203220723.2</controlfield><controlfield tag='008'>221205s2022    pl  ddd      |000 0 pol c</controlfield><controlfield tag='009'>9913130655105606</controlfield><datafield ind1=' ' ind2=' ' tag='020'><subfield code='a'>9788382861600</subfield></datafield><datafield ind1=' ' ind2=' ' tag='035'><subfield code='a'>(PL)b1000002720850</subfield></datafield><datafield ind1=' ' ind2=' ' tag='040'><subfield code='a'>WA 392</subfield><subfield code='c'>WA 392</subfield><subfield code='d'>WA 392</subfield><subfield code='d'>WA N</subfield></datafield><datafield ind1='2' ind2=' ' tag='045'><subfield code='b'>d 2017</subfield><subfield code='b'>d 2021</subfield></datafield><datafield ind1='1' ind2=' ' tag='100'><subfield code='a'>Manowska, Małgorzata</subfield><subfield code='d'>(1964- )</subfield><subfield code='e'>Autor</subfield></datafield><datafield ind1='1' ind2='0' tag='245'><subfield code='a'>Apelacja w postępowaniu cywilnym :</subfield><subfield code='b'>suplement /</subfield><subfield code='c'>Małgorzata Manowska.</subfield></datafield><datafield ind1=' ' ind2=' ' tag='250'><subfield code='a'>5 Wydanie.</subfield></datafield><datafield ind1=' ' ind2=' ' tag='260'><subfield code='a'>Warszawa :</subfield><subfield code='b'>Wolters Kluwer,</subfield><subfield code='c'>2022.</subfield></datafield><datafield ind1=' ' ind2=' ' tag='300'><subfield code='a'>[I]-LXXXIII strony :</subfield><subfield code='b'>schematy ;</subfield><subfield code='c'>21 cm.</subfield></datafield><datafield ind1=' ' ind2=' ' tag='336'><subfield code='a'>Tekst</subfield><subfield code='b'>txt</subfield><subfield code='2'>rdacontent</subfield></datafield><datafield ind1=' ' ind2=' ' tag='337'><subfield code='a'>Bez urządzenia pośredniczącego</subfield><subfield code='b'>n</subfield><subfield code='2'>rdamedia</subfield></datafield><datafield ind1=' ' ind2=' ' tag='338'><subfield code='a'>Wolumin</subfield><subfield code='b'>nc</subfield><subfield code='2'>rdacarrier</subfield></datafield><datafield ind1=' ' ind2=' ' tag='380'><subfield code='a'>Książki</subfield></datafield><datafield ind1=' ' ind2=' ' tag='380'><subfield code='a'>Publikacje fachowe</subfield></datafield><datafield ind1='1' ind2=' ' tag='388'><subfield code='a'>2001-</subfield></datafield><datafield ind1='1' ind2=' ' tag='490'><subfield code='a'>Komentarz i orzecznictwo</subfield></datafield><datafield ind1=' ' ind2=' ' tag='500'><subfield code='a'>Numeracja stron cyframi rzymskimi.</subfield></datafield><datafield ind1=' ' ind2='7' tag='650'><subfield code='a'>Apelacja</subfield><subfield code='2'>DBN</subfield></datafield><datafield ind1=' ' ind2='7' tag='650'><subfield code='a'>Kazusy</subfield><subfield code='2'>DBN</subfield></datafield><datafield ind1=' ' ind2='7' tag='650'><subfield code='a'>Orzecznictwo cywilne</subfield><subfield code='2'>DBN</subfield></datafield><datafield ind1=' ' ind2='7' tag='650'><subfield code='a'>Postępowanie cywilne</subfield><subfield code='2'>DBN</subfield></datafield><datafield ind1=' ' ind2=' ' tag='658'><subfield code='a'>Prawo i wymiar sprawiedliwości</subfield></datafield><datafield ind1='2' ind2=' ' tag='710'><subfield code='a'>Wolters Kluwer</subfield><subfield code='e'>Wydawca</subfield><subfield code='4'>pbl</subfield></datafield><datafield ind1=' ' ind2='0' tag='830'><subfield code='a'>Komentarz i Orzecznictwo</subfield></datafield><datafield ind1=' ' ind2=' ' tag='852'><subfield code='b'>48OMNIS_NETWORK</subfield><subfield code='8'>9913130655105606</subfield></datafield><datafield ind1=' ' ind2=' ' tag='852'><subfield code='b'>48OMNIS_UKSW</subfield><subfield code='8'>991003595157807669</subfield></datafield><datafield ind1=' ' ind2=' ' tag='852'><subfield code='8'>22186224710007669</subfield><subfield code='j'>0</subfield><subfield code='b'>WA_392_PA</subfield><subfield code='p'>WP.25082</subfield><subfield code='c'>MNP</subfield></datafield><datafield ind1=' ' ind2=' ' tag='920'><subfield code='a'>978-83-8286-160-0</subfield></datafield></record>
  </collection>
</resp>
